00658cam a22002171 4500001001300000003000400013005001700017008004100034010001700075035001900092040001800111042001200129050001900141110006300160245008600223260002200309300002400331500002600355651004200381999001700423sa 67002737 DLC20260227112332.0760107s1965 xx 000 0 eng  asa 67002737  a(OCoLC)1915259 aDLCcMCMdDLC apremarc00aHC437.B43bA471 aWest Bengal.bCalcutta Metropolitan Planning Organisation.10aRegional planning for West Bengal;ba statement of needs, prospects and strategy. a[Calcutta]c1965. a96 p.bmapsc29 cm. aErrata slip inserted. 0aWest Bengal (India)xEconomic policy. c73401d73401